| 000 | 00798nam a2200217Ia 4500 | ||
|---|---|---|---|
| 001 | 3292 | ||
| 003 | GE_BSU | ||
| 008 | 181216s||||||||xx |||||||||||||| ||und|| | ||
| 020 | _a5724504626 | ||
| 040 | _cGE_BSU | ||
| 080 | _a665.6/.7(035) | ||
| 245 | _aКоррозионная стойкость оборудования химических производств.Нефтеперерабатывающая промышленность. | ||
| 245 | _bСправ. изд. | ||
| 245 | _cПод. ред. Ю.И.Арчакова, А.М.Сухотина. | ||
| 260 | _aЛ. | ||
| 260 | _bХимия. | ||
| 260 | _c1990. | ||
| 300 | _a400 стр. 22 см. | ||
| 653 | _aКоррозионная стойкость оборудования химических производств. | ||
| 942 | _cBK | ||
| 999 |
_c37333 _d37333 |
||